Essential fiber chemistry (Record no. 26565)

MARC details
000 -LEADER
fixed length control field 00300nam a2200121Ia 4500
082 ## - DEWEY DECIMAL CLASSIFICATION NUMBER
Classification number 677
Item number CAR
100 ## - MAIN ENTRY--AUTHOR NAME
Personal name Carter, M E
245 #0 - TITLE STATEMENT
Title Essential fiber chemistry
260 ## - PUBLICATION, DISTRIBUTION, ETC. (IMPRINT)
Place of publication New York
Name of publisher Marcel Dekker
Year of publication 1971
650 ## - SUBJECT ADDED ENTRY--TOPICAL TERM
Topical Term Fiber chemistry
942 ## - ADDED ENTRY ELEMENTS (KOHA)
Koha item type Books
Holdings
Withdrawn status Lost status Damaged status Not for loan Home library Current library Date acquired Cost, normal purchase price Full call number Accession Number Koha item type
        RRII Library RRII Library 16/12/2021 31.25 677 CAR 07198 Books